000 01035nam a2200229Ia 4500
999 _c53192
_d53192
001 20233
003 GE_BSU
005 20200630143748.0
008 181216s1996||||ge |||||||||||||| ||geo||
040 _cGE_BSU
041 _ageo
080 _a811.353.1-8(075.8) მ-74
100 _aმიქიაშვილი, ოთარ
_98915
245 _aქართული ენა :
_bსახელმძღანელო-კონსპექტი სახელმწიფო გამოცდებისათვის /
_cოთარ მიქიაშვილი ; რედ. : ნ. ლემონჯავა, მ. ნაჭყებია.
264 _aთბილისი :
_bინტელექტი,
_c1996.
300 _a288 გვ. ;
_c20 სმ.
541 _h10 ლ.
653 _aქართული ენა
700 _aლემონჯავა, ნ.
_eრედაქტორი
_98916
700 _aნაჭყებია, მ.
_eრედაქტორი
_98917
942 _cBK
_2udc